000 00858nam a22002897a 4500
003 CHAP
005 20220329133356.0
008 971013s1991 r 00010 d
010 _a5635
011 _a6607
035 _a5828
040 _cCHAP
082 _a636.5089
_bC65 1991
245 _aColor atlas of diseases & disorders of the domestic fowl & turkey
250 _a2 ed.
260 _aAmes :
_bIowa State University,
_c1991
300 _a175 p.
_b: ilus.
500 _a59-24
590 _aBATCH-UPD
_b10
_c20130110
_lUCH01
_h1548
590 _aCONVERSION
_b10
_c20130109
_lUCH01
_h1304
650 1 4 _aAves de corral
_xEnfermedades.
_98646
650 1 4 _aPavos
_xEnfermedades.
_986305
700 0 _aRandall, C. J.
_994555
901 _aBK
942 _cLIBRO
949 _a636.5089 C65 1991
_bBC
_cC
_d33724000617353
_eC
_gI.163141
_h82592
_i5828
_si
_t286.00
999 _c5635
_d5635